Evaluación y propuesta de mejora del sistema de captación y conducción del agua de consumo, comunidad el cacao, Mozonte, Nueva Guinea
Esta investigación estuvo enfocada en el estudio de la calidad del agua (fisicoquímica y microbiológica) y el análisis técnico del sistema de capacitación y conducción de la comunidad El cacao del municipio de Mozonte, departamento de Nueva Segovia.
| Main Authors: | , |
|---|---|
| Other Authors: | |
| Format: | Tesis Section = Libro |
| Language: | Undetermined Spanish |
| Published: |
Managua
UNI
2017
|
| Subjects: |
| LEADER | 01219nam a2200289Ia 4500 | ||
|---|---|---|---|
| 008 | 240830s9999 xx 000 0 und d | ||
| 040 | |a BIBLIOTECA-RUSB/ Mon 628.161 G233 | ||
| 041 | |a spa | ||
| 082 | |a Mon 628.161 G233 | ||
| 100 | 1 | |a Garmendia Almendárez, Tania Sarahy | |
| 100 | 1 | |b Villalta Domínguez, Jennifer Lidieth | |
| 245 | 1 | 0 | |a Evaluación y propuesta de mejora del sistema de captación y conducción del agua de consumo, comunidad el cacao, Mozonte, Nueva Guinea |
| 260 | |a Managua |b UNI |c 2017 | ||
| 300 | |a 115 p. :il. | ||
| 500 | |a Contiene CD | ||
| 502 | |a Tesis (Ingeniero Químico) - UNI, 2017. | ||
| 520 | 3 | |a Esta investigación estuvo enfocada en el estudio de la calidad del agua (fisicoquímica y microbiológica) y el análisis técnico del sistema de capacitación y conducción de la comunidad El cacao del municipio de Mozonte, departamento de Nueva Segovia. | |
| 650 | 7 | |a ANALISIS DEL AGUA | |
| 650 | 7 | |b MICROBIOLOGIA | |
| 650 | 7 | |c CALIDAD DEL AGUA-NORMAS | |
| 650 | 7 | |d QUIMICA DEL AGUA | |
| 650 | 7 | |e CONTAMINACION DEL AGUA | |
| 650 | 7 | |f PURIFICACION DEL AGUA | |
| 700 | 1 | |a Tutor: |b Páramo Aguilar, Leandro Alberto | |
| 942 | |c BK |2 ddc | ||
| 991 | |a TESIS | ||
| 999 | |c 20411 | ||